[Event "Veyangoda Queenstar op"]
[Site "Veyangoda"]
[Date "2023.04.19"]
[Round "6"]
[White "Dharmasena, WMSSB"]
[Black "Saranya, Y."]
[Result "1/2-1/2"]
[WhiteElo "1475"]
[BlackElo "1932"]
[PlyCount "139"]
[EventDate "2023.04.16"]
[EventType "swiss"]
[EventRounds "9"]
[EventCountry "SRI"]
[SourceTitle "EXT 2024"]
[Source "ChessBase"]
[SourceDate "2023.10.10"]
[SourceVersion "1"]
[SourceVersionDate "2023.10.10"]
[SourceQuality "1"]

1. e4 c5 2. Nf3 Nc6 3. d4 cxd4 4. Nxd4 g6 5. Nc3 Bg7 6. Be3 Nf6 7. Bc4 0-0 8. Bb3 Qa5 9. 0-0 d6 10. h3 Bd7 11. f4 Rac8 12. Qd2 a6 13. Rad1 Qh5 14. Rf3 Na5 15. f5 Nxb3 16. axb3 Rxc3 17. bxc3 Nxe4 18. Qd3 gxf5 19. Rdf1 e6 20. b4 d5 21. Rb1 Rc8 22. Bd2 e5 23. Ne2 Bb5 24. Qe3 Nxd2 25. Qxd2 Bxe2 26. Qxe2 e4 27. Rf2 Qxe2 28. Rxe2 Bxc3 29. Rf1 e3 30. Rxf5 d4 31. Rd5 Rc4 32. Kh2 Rxb4 33. Kg3 Rb6 34. Kf4 Re6 35. g4 a5 36. Rd7 b6 37. Ra7 Kf8 38. g5 Re7 39. Ra8+ Kg7 40. h4 f6 41. gxf6+ Kxf6 42. h5 Kg7 43. Rg2+ Kf6 44. Rf8+ Ke6 45. Ke4 Kd6+ 46. Kd3 Re5 47. h6 Re6 48. Rh2 b5 49. Rb8 Kc6 50. Rc8+ Kb6 51. Rb8+ Kc6 52. Rc8+ Kd6 53. Rb8 Kc5 54. Rh5+ Kb4 55. Rbxb5+ Ka4 56. Rbe5 Rb6 57. Re7 Rb1 58. Rxh7 Rd1+ 59. Kc4 e2 60. Re7 e1Q 61. Rxe1 Rxe1 62. h7 Re8 63. h8Q Rxh8 64. Rxh8 Ka3 65. Rb8 a4 66. Ra8 Kb2 67. Rxa4 Kxc2 68. Ra2+ Bb2 69. Rxb2+ Kxb2 70. Kxd4 1/2-1/2